书目信息 |
| 题名: |
古代青铜器与司母戊方鼎
|
|
| 作者: | 方广梅 编著 | |
| 分册: | ||
| 出版信息: | 长春 吉林文史出版社 2018重印 |
|
| 页数: | 120页 | |
| 开本: | 23cm | |
| 丛书名: | 中国文化知识读本 | |
| 单 册: | ||
| 中图分类: | K876.414 | |
| 科图分类: | ||
| 主题词: | 青铜器(考古)--qing tong qi ( kao gu )--简介--中国 | |
| 电子资源: | ||
| ISBN: | 978-7-5463-1688-8 | |
| 000 | 01200nam 2200265 45 | |
| 001 | 012001010119 | |
| 005 | 20140102153341.0 | |
| 010 | @a978-7-5463-1688-8@dCNY34.80 | |
| 099 | @aCAL 012010199798 | |
| 100 | @a20100921d2010 ekmy0chiy0120 ea | |
| 101 | 0 | @achi |
| 102 | @aCN@b220000 | |
| 105 | @aa z 000yy | |
| 106 | @ar | |
| 200 | 1 | @a古代青铜器与司母戊方鼎@Agu dai qing tong qi yu si mu wu fang ding@f编著方广梅 |
| 210 | @a长春@c吉林文史出版社@d2018重印 | |
| 215 | @a120页@c图@d23cm | |
| 225 | 2 | @a中国文化知识读本@Azhong guo wen hua zhi shi du ben@f主编金开诚 |
| 330 | @a《中国文化知识读本》是由吉林出版集团有限责任公司和吉林文史出版社组织国内知名专家学者编写的一套旨在传播中华五千优秀传统文化,提高全民文化修养的大型知识读本。该书在深入挖掘和整理中华优秀传统文化成果的同时,结合社会发展,注入了时代精神。书中优美生动的文字、简明通俗的语言、图文并茂的形式,把中国文化中的物态文化、制度文化、行为文化、精神文化等知识要点全面展示给读者。 | |
| 410 | 0 | @12001 @a中国文化知识读本 |
| 606 | 0 | @a青铜器(考古)@Aqing tong qi ( kao gu )@x简介@y中国 |
| 690 | @aK876.414@v4 | |
| 701 | 0 | @a方广梅@Afang guang mei@4编著 |
| 801 | 2 | @aCN@b上海新华@c20191020 |
| 905 | @b1135676-9@dK876.414@e424@f4 | |
| 古代青铜器与司母戊方鼎/编著方广梅.-长春:吉林文史出版社,2018重印 |
| 120页:图;23cm.-(中国文化知识读本/主编金开诚) |
| ISBN 978-7-5463-1688-8:CNY34.80 |
| 《中国文化知识读本》是由吉林出版集团有限责任公司和吉林文史出版社组织国内知名专家学者编写的一套旨在传播中华五千优秀传统文化,提高全民文化修养的大型知识读本。该书在深入挖掘和整理中华优秀传统文化成果的同时,结合社会发展,注入了时代精神。书中优美生动的文字、简明通俗的语言、图文并茂的形式,把中国文化中的物态文化、制度文化、行为文化、精神文化等知识要点全面展示给读者。 |
| ● |
| 相关链接 |
|
|
|
|
正题名:古代青铜器与司母戊方鼎
索取号:K876.414/424
 
预约/预借
| 序号 | 登录号 | 条形码 | 馆藏地/架位号 | 状态 | 备注 |
| 1 | 1135676 | 211356762 | 第二样本阅览室/ [索取号:K876.414/424] | 在馆 | |
| 2 | 1135677 | 211356771 | 第二借阅区/ [索取号:K876.414/424] | 在馆 | |
| 3 | 1135678 | 211356780 | 第二借阅区/ [索取号:K876.414/424] | 在馆 | |
| 4 | 1135679 | 211356799 | 第二借阅区/ [索取号:K876.414/424] | 在馆 |